| 000 | 00673nam a2200229 i 4500 | ||
|---|---|---|---|
| 003 | OSt | ||
| 005 | 20260128154008.0 | ||
| 008 | 750324s1973 enk b 001 0 eng | ||
| 020 | _a0140226044 | ||
| 020 | _a9780140226041 | ||
| 040 |
_aKABLIB _cKABLIB _beng _erda |
||
| 082 | 0 | 0 |
_223 _a418 _bCOR |
| 100 | 1 |
_aCorder, Stephen Pit. _914802 |
|
| 245 | 1 | 0 |
_aIntroducing applied linguistics / _cS. Pit Corder. |
| 260 |
_aLondon : _bPenguin Books, _cc1973. |
||
| 300 |
_a392 p. ; _c20 cm. |
||
| 490 | 0 | _aPenguin modern linguistics texts | |
| 500 | _aIncludes references, index. | ||
| 650 | 0 |
_aApplied linguistics. _95672 |
|
| 650 | 0 | _aLanguage and languages. | |
| 942 |
_2ddc _cBOOK |
||
| 999 |
_c5871 _d5871 |
||